02375nam a2200229Ia 45000010005000000080041000050100009000460410014000550820014000692450059000832600013001423000007001555200006001626300034001686300017002026300020002196300014002396500017002537000032002707000037003025201806003394492241029s9999 xx 000 0 und d a4233 aEspañol aNO APLICA 0a La función continua en los axiomas de separación. aSantiago a25 a5 aAdministración de Proyectos aMatemática aMejora Continua aMétodos aMatemática easesora De La Rosa, Ruddy  eautoraCerda, Alexander Antonio  aEl axioma de separación llamado Hausdorff (en honor al matemático alemán Félix Hausdorff, 1868-1942) surge como una condicionante que evitará topologías en las que los conjuntos unipuntuales no son cerrados, llevando la clase de espacio bajo consideración más cerca de aquellas a los que se les aplica la intuición geométrica. La función continua es un concepto básico en matemática. Las funciones continuas sobre la recta real, en el plano, el espacio y demás se consideran como casos particulares y especiales de la definición de continuidad topológica y ésta es equivalente a la definición del análisis.El objetivo del estudio fue visualizar el comportamiento de la función continua en los espacios topológicos que cumplen determinados axiomas de separación. Se obtuvieron las siguientes conclusiones:El criterio de espacio completamente regular parte la definición de un espacio Tychonoff. Un espacio de Tychonoff (o espacio T 3½) es un espacio T1 completamente regular.El espacio de Tychonoff  se destaca por presentar convenientes aplicaciones reales, no constantes suficientes para separar puntos de conjuntos cerrados. En consecuencia, existen aplicaciones continuas no constantes de todo espacio de Tychonoff (que tenga más de un punto) en R1 teniendo la distinción de ser el espacio topológico más general en el que se puede garantizar tal propiedad.La importancia más significativa de asegurar que en ciertos espacios topológicos puedan definirse funciones continuas no constantes, es garantizar, preservar y rigurizar las teorías y los teoremas del análisis funcional sobre variables reales del cálculo tradicional, viniendo estos conceptos topológicos a producir una generalización del cálculo tradicional conocido.